2022 Nascar Cup Series Winners - Statistics

General Stats
  • This quiz has been taken 75 times
  • The average score is 37 of 40
Answer Stats
Race Winner % Correct
DuraMAX Drydene 400 Chase Elliott
98%
Ally 400 Chase Elliott
98%
Quaker State 400 Chase Elliott
98%
M&M's Fan Appreciation 400 Chase Elliott
98%
YellaWood 500 Chase Elliott
98%
Toyota Owners 400 Denny Hamlin
98%
Coca-Cola 600 Denny Hamlin
98%
Busch Light Clash at The Coliseum Joey Logano
98%
Goodyear 400 Joey Logano
98%
Enjoy Illinois 300 Joey Logano
98%
South Point 400 Joey Logano
98%
NASCAR Cup Series Championship Race Joey Logano
98%
AdventHealth 400 Kurt Busch
98%
Food City Dirt Race Kyle Busch
98%
NASCAR All-Star Race Ryan Blaney
98%
WISE Power 400 Kyle Larson
96%
Go Bowling at the Glen Kyle Larson
96%
Dixie Vodka 400 Kyle Larson
96%
Pennzoil 400 Alex Bowman
95%
Daytona 500 Austin Cindric
95%
Hollywood Casino 400 Bubba Wallace
93%
FireKeepers Casino 400 Kevin Harvick
93%
Federated Auto Parts 400 Kevin Harvick
93%
Folds of Honor QuickTrip 500 William Byron
93%
Blue-Emu Maximum Pain Relief 400 William Byron
93%
Ambetter 301 Christopher Bell
91%
Bank of America Roval 400 Christopher Bell
91%
Xfinity 500 Christopher Bell
91%
EchoPark Texas Grand Prix Ross Chastain
91%
GEICO 500 Ross Chastain
91%
Coke Zero Sugar 400 Austin Dillon
89%
Bluegreen Vacations Duel #1 Brad Keselowski
89%
Kwik Trip 250 Tyler Reddick
89%
Verizon 200 at the Brickyard Tyler Reddick
89%
Autotrader EchoPark Automotive 500 Tyler Reddick
89%
Bluegreen Vacations Duel #2 Chris Buescher
84%
Bass Pro Shops Night Race Chris Buescher
84%
Ruoff Mortgage 500 Chase Briscoe
82%
Toyota/Save Mart 350 Daniel Suárez
82%
Cook Out Southern 500 Erik Jones
80%
No matching quizzes found
Score Distribution
Percent of People with Each Score
Percentile by Number Answered
Your Score History
You have not taken this quiz